Life in Modern American
This book is a wide-ranging study of political and social life in the United States, written for advanced students of English. It examines the many factors which influence American life, including the geography of the country, the structure and working of government, the origins of the American peop...
Gespeichert in:
| 1. Verfasser: | |
|---|---|
| Format: | Buch |
| Sprache: | Undetermined |
| Veröffentlicht: |
Essex
Longman
1998
|
| Schlagworte: | |
| Tags: |
Tag hinzufügen
Keine Tags, Fügen Sie den ersten Tag hinzu!
|
| Thư viện lưu trữ: | Trung tâm Học liệu Trường Đại học Cần Thơ |
|---|
| LEADER | 01072nam a2200205Ia 4500 | ||
|---|---|---|---|
| 001 | CTU_35484 | ||
| 008 | 210402s9999 xx 000 0 und d | ||
| 020 | |b 30.000đ | ||
| 082 | |a 973.927 | ||
| 082 | |b B868 | ||
| 100 | |a Peter Bromhead | ||
| 245 | 0 | |a Life in Modern American | |
| 245 | 0 | |c Peter Bromhead | |
| 260 | |a Essex | ||
| 260 | |b Longman | ||
| 260 | |c 1998 | ||
| 520 | |a This book is a wide-ranging study of political and social life in the United States, written for advanced students of English. It examines the many factors which influence American life, including the geography of the country, the structure and working of government, the origins of the American people. It has been extensively revised to reflect the social and political changes which have take place in the late 1980s, and new photographs portraying contemporary America have been included throughout. | ||
| 650 | |a english language - textbooks for foreign speakers,united states - social conditions | ||
| 904 | |i Minh, 000302 | ||
| 980 | |a Trung tâm Học liệu Trường Đại học Cần Thơ | ||